History Quiz

Random History or Country Quiz

Presidents Of This Country Quiz Stats

 Plays Quiz not verified by Sporcle

Challenge
Share
Tweet
Embed
Score 0/10 Timer 05:00
0 Plays Today
Country President % Correct
CubaRaul Castro
88.1%
FranceNicolas Sarkozy
85.7%
IranMahmoud Ahmadinejad
52.4%
IsraelShimon Peres
31%
ItalyGiorgio Napolitano
28.6%
ArgentinaCristina Fernandez De Kirchner
23.8%
RomaniaTraian Basescu
11.9%
PortugalAnibal Antonio Cavaco Silva
9.5%
UruguayTabare Vazquez
9.5%
SwitzerlandPascal Couchepin
7.1%

You're not logged in!

Compare scores with friends on all Sporcle quizzes.
OR
Log In

You Might Also Like...

Show Comments

Extras

Top Quizzes Today


Score Distribution

Your Account Isn't Verified!

In order to create a playlist on Sporcle, you need to verify the email address you used during registration. Go to your Sporcle Settings to finish the process.

Report this User

Report this user for behavior that violates our Community Guidelines.

Details: